| 000 | 00646nam a2200205Ia 4500 | ||
|---|---|---|---|
| 003 | IN-BaIIA | ||
| 008 | 211028s9999 xx 000 0 eng d | ||
| 020 | _a85-85270-01-2 | ||
| 040 | _cIIA Library | ||
| 080 |
_a521.182 _bORB |
||
| 100 |
_aMartins, R Vieira _916982 |
||
| 245 | 0 |
_aOrbital dynamics of natural and artificial objects _cR. Vieira Martins |
|
| 260 |
_aRio de Janeiro _bObservatorio Nacional Argentino _c1989 |
||
| 300 | _a212p. | ||
| 650 | _aAstronomy and Astrophysics Thesaurus | ||
| 650 | _aCelestial mechanics | ||
| 650 |
_aDynamics _91519 |
||
| 650 |
_aOrbits _92312 |
||
| 942 | _cBK | ||
| 999 |
_c10026 _d10026 |
||